01061nam a22002535a 4500003001000000005001700010007000300027008004100030020001800071040003500089041000800124082001700132245013900149250002200288264007200310300005800382336002900440337003300469338002800502500014100530650004500671650003800716650005300754CO-BoRNBP20241120144515.0ta190521s2018 ck gr 000 jdspa d a9789585655713 aCO-BoBLA bspa cCO-BoBLAerda0 aspa04aI863.5bC82c10aCuentos para volar más allá del Guatiquía : bselección de textos de niños, niñas y jóvenes escritores de Villavicencio. aPrimera edición 4aVillavicencio, ColombiabCorporación Cultural Entreletrasc©2018 a91 páginas,bfotografías en blanco y negroc24 cm 2rdacontenidoatextobtxt 2rdamedioasin mediaciónbn 2rdasoporteavolumenbnc aPublicación hecha con el auspicio de la Alcaldía de Villavicencio y la Corporación Cultural Municipal de Villavicencio - Corcumvi.17aCuentos infantiles colombianos.2BLAAUTO17aVida cotidiana.vCuento.2BLAAUTO 7aCreación literaria, artística, etc.2BLAAUTO